[Event "Carnaval"]
[Site "Quebec CAN"]
[Date "2002.02.10"]
[Round "5"]
[White "Fortier, Marc-Andre"]
[Black "Hamilton, Robert"]
[Result "1-0"]
[WhiteElo "2163"]
[BlackElo "2276"]
[PlyCount "82"]
[EventDate "2002.02.08"]
[EventType "swiss"]
[EventRounds "5"]
[EventCountry "CAN"]

1. e4 c5 2. Nc3 Nc6 3. g3 g6 4. Bg2 Bg7 5. d3 e6 6. Be3 b6 7. Qd2 h6 8. Nge2
Nge7 9. f4 d5 10. exd5 exd5 11. d4 c4 12. O-O Be6 13. b3 Na5 14. f5 Nxf5 15.
Rxf5 Bxf5 16. Bxd5 Rc8 17. Rf1 h5 18. Bg5 Bf6 19. Bxf6 Qxf6 20. Ne4 Qe7 21.
N2c3 cxb3 22. axb3 Kf8 23. Qf4 f6 24. Nb5 Rd8 25. Ned6 a6 26. Nxf5 gxf5 27. Nc3
Qd7 28. Qxf5 Qxf5 29. Rxf5 Kg7 30. Ne4 Rd7 31. Nxf6 Rd6 32. Nxh5+ Kh6 33. Nf4
Rc8 34. g4 Rxc2 35. g5+ Kh7 36. Rf7+ Kg8 37. Rd7+ Rxd5 38. Rxd5 Rc1+ 39. Kg2
Rc2+ 40. Kg3 Rc1 41. g6 Rf1 1-0

[Event "Carnaval"]
[Site "Quebec CAN"]
[Date "2002.02.10"]
[Round "5"]
[White "Myre, Eric"]
[Black "Arteau, Benoit"]
[Result "1-0"]
[WhiteElo "1867"]
[BlackElo "1694"]
[PlyCount "59"]
[EventDate "2002.02.08"]
[EventType "swiss"]
[EventRounds "5"]
[EventCountry "CAN"]

1. d4 Nf6 2. c4 e6 3. Nc3 Bb4 4. e3 Ne4 5. Qc2 f5 6. Bd3 d5 7. Nf3 Nd7 8. O-O
O-O 9. cxd5 Bxc3 10. dxe6 Bxb2 11. Bxb2 Ndf6 12. Ba3 c5 13. Bc4 Kh8 14. Ne5 b5
15. Bxb5 Bxe6 16. Bc6 Rc8 17. f3 Nd6 18. Bxc5 Nc4 19. Nxc4 Rxc6 20. Qa4 Rxc5
21. dxc5 Qd3 22. Rac1 Bxc4 23. Qxc4 Qxe3+ 24. Kh1 Rc8 25. Rfe1 Qa3 26. c6 h6
27. Red1 Qe7 28. Re1 Qd6 29. Qe6 Qc7 30. Qxf5 1-0

[Event "Carnaval"]
[Site "Quebec CAN"]
[Date "2002.02.10"]
[Round "5"]
[White "Ramaswamy, Kishor"]
[Black "Ouimet, Bernard"]
[Result "1/2-1/2"]
[WhiteElo "2122"]
[BlackElo "2001"]
[PlyCount "78"]
[EventDate "2002.02.08"]
[EventType "swiss"]
[EventRounds "5"]
[EventCountry "CAN"]

1. d4 Nf6 2. Nf3 g6 3. Bg5 Bg7 4. Nbd2 h6 5. Bh4 g5 6. Bg3 Nh5 7. e3 d6 8. Bc4
Nc6 9. c3 O-O 10. Bb3 Bg4 11. Qe2 e5 12. dxe5 dxe5 13. O-O-O Qe7 14. e4 a6 15.
Qe3 Nf4 16. Bxf4 exf4 17. Qe1 Bh5 18. g3 Ne5 19. Nxe5 Bxd1 20. Ng6 Qd6 21. Nxf8
Bxb3 22. axb3 Rxf8 23. Nc4 Qe6 24. gxf4 gxf4 25. Rg1 f5 26. e5 Kh7 27. Qf1 f3
28. Qd3 Bxe5 29. Qxf3 Bxh2 30. Rh1 b5 31. Rxh2 bxc4 32. bxc4 Qxc4 33. Qe3 f4
34. Qh3 Qc6 35. Rg2 f3 36. Rg3 Qf6 37. Qd7+ Rf7 38. Qd3+ Qf5 39. Qd8 Qf4+
1/2-1/2

[Event "Carnaval"]
[Site "Quebec CAN"]
[Date "2002.02.10"]
[Round "5"]
[White "Schleifer, Michael"]
[Black "Tremblay, Sylvain"]
[Result "1-0"]
[WhiteElo "2388"]
[BlackElo "2211"]
[PlyCount "73"]
[EventDate "2002.02.08"]
[EventType "swiss"]
[EventRounds "5"]
[EventCountry "CAN"]

1. d4 Nf6 2. Nf3 c5 3. g3 e6 4. Bg2 Nc6 5. O-O d5 6. c4 dxc4 7. dxc5 Qxd1 8.
Rxd1 Bxc5 9. Nbd2 Bd7 10. Nxc4 Ne4 11. e3 f6 12. Nfe5 Nxe5 13. Nxe5 fxe5 14.
Bxe4 Bc6 15. Bxc6+ bxc6 16. b3 Ke7 17. Bb2 Bd6 18. Rac1 Rac8 19. Rc4 Rhd8 20.
Rdc1 Kd7 21. Re4 Ke7 22. Rc2 Rc7 23. Bxe5 Bxe5 24. Rxe5 Rd1+ 25. Kg2 Kd6 26.
Ra5 e5 27. Kf3 Rf7+ 28. Ke4 Rd5 29. Ra6 Rc7 30. b4 Rb5 31. Rc4 Rb6 32. Ra3 Rf7
33. f3 Rfb7 34. Rd3+ Ke6 35. a3 Rc7 36. Rc5 Rb5 37. Rdc3 1-0

[Event "Carnaval"]
[Site "Quebec CAN"]
[Date "2002.02.10"]
[Round "5"]
[White "Soudre, Nicolas"]
[Black "Bolduc, Steve"]
[Result "1/2-1/2"]
[WhiteElo "2193"]
[BlackElo "2154"]
[PlyCount "37"]
[EventDate "2002.02.08"]
[EventType "swiss"]
[EventRounds "5"]
[EventCountry "CAN"]

1. e4 c5 2. Nc3 Nc6 3. f4 g6 4. Nf3 Bg7 5. Bb5 e6 6. Bxc6 bxc6 7. e5 d5 8. exd6
Qxd6 9. d3 c4 10. dxc4 Bxc3+ 11. bxc3 Qxd1+ 12. Kxd1 Ba6 13. Be3 Ne7 14. Bd4
O-O 15. Ne5 Rfd8 16. Kc1 h5 17. c5 f6 18. Nf3 Kf7 19. Re1 1/2-1/2

[Event "Charlesbourg CC-ch"]
[Site "Charlesbourg CAN"]
[Date "2002.04.15"]
[Round "5"]
[White "Laflamme, Simon"]
[Black "Gaspariants, Vladimir"]
[Result "0-1"]
[WhiteElo "1865"]
[BlackElo "2305"]
[PlyCount "64"]
[EventDate "2002.03.25"]
[EventType "tourn"]
[EventRounds "5"]
[EventCountry "CAN"]

1. e4 g6 2. d4 Bg7 3. Nc3 c6 4. Nf3 d6 5. Be2 Nd7 6. O-O Qc7 7. Be3 Ngf6 8. h3
b5 9. a3 O-O 10. d5 a6 11. dxc6 Qxc6 12. Nd5 Nxd5 13. exd5 Qc7 14. Nd4 Bb7 15.
Bf3 Ne5 16. Be4 Nc4 17. Bc1 Nb6 18. Ne2 Qc4 19. Ng3 f5 20. Bf3 Bxd5 21. Bxd5+
Nxd5 22. Re1 e5 23. c3 e4 24. Qc2 Rae8 25. Nf1 Qc5 26. Ne3 Nf4 27. Rd1 Nd3 28.
c4 f4 29. b4 Qc8 30. Ng4 Bxa1 31. Rxd3 exd3 32. Bb2 Qxg4 0-1

[Event "Christmas Classic"]
[Site "Edmonton CAN"]
[Date "2002.12.05"]
[Round "1"]
[White "Dewindt, Cor"]
[Black "Hughey, Micah"]
[Result "0-1"]
[WhiteElo "1437"]
[BlackElo "2015"]
[PlyCount "52"]
[EventDate "2002.12.05"]
[EventType "swiss"]
[EventRounds "3"]
[EventCountry "CAN"]

1. b4 c6 2. Bb2 Qb6 3. a3 a5 4. c3 d5 5. d4 Bf5 6. e3 Nd7 7. Bd3 Bxd3 8. Qxd3
e5 9. Nd2 Ngf6 10. Ne2 Bd6 11. O-O Qc7 12. Ng3 O-O 13. Rfc1 b5 14. Qe2 Rfe8 15.
Nf5 exd4 16. Nxd6 Qxd6 17. cxd4 axb4 18. axb4 Qxb4 19. Bc3 Rxa1 20. Bxb4 Rxc1+
21. Nf1 Ra8 22. Bd2 Ra2 23. h3 Ne4 24. Qg4 Rxf1+ 25. Kh2 Raa1 26. g3 Rxf2# 0-1

[Event "Christmas Classic"]
[Site "Edmonton CAN"]
[Date "2002.12.12"]
[Round "2"]
[White "Hughey, Micah"]
[Black "Wihnon, Jason"]
[Result "1-0"]
[WhiteElo "2015"]
[BlackElo "1751"]
[PlyCount "107"]
[EventDate "2002.12.05"]
[EventType "swiss"]
[EventRounds "3"]
[EventCountry "CAN"]

1. e4 e5 2. Nf3 Nf6 3. Bc4 Nxe4 4. Nc3 Nxc3 5. dxc3 f6 6. O-O g6 7. Re1 Bg7 8.
Nh4 c6 9. Qd6 Bf8 10. Qd3 d5 11. Bb3 Nd7 12. c4 Nc5 13. Qg3 Bd6 14. cxd5 Nxb3
15. Qxb3 cxd5 16. Qxd5 Bc7 17. Qb3 Qd4 18. Nf3 Qb6 19. Qc3 O-O 20. Be3 Qc6 21.
Qxc6 bxc6 22. Bc5 Rf7 23. Rad1 Bg4 24. Re3 Bb6 25. Bxb6 axb6 26. a3 Rd7 27.
Rxd7 Bxd7 28. Rd3 Rd8 29. Nd2 Kf7 30. Nc4 b5 31. Nb6 Ke7 32. Rxd7+ Rxd7 33.
Nxd7 Kxd7 34. f3 Kd6 35. Kf2 Kd5 36. Ke3 f5 37. b3 c5 38. Kd3 c4+ 39. bxc4+
bxc4+ 40. Kc3 e4 41. fxe4+ fxe4 42. Kd2 Kc6 43. Ke3 Kd5 44. c3 Ke5 45. g4 Kd5
46. g5 Ke5 47. a4 Kd5 48. Kf4 Kc5 49. Kxe4 Kb6 50. Kd5 Ka5 51. Kxc4 Kxa4 52.
Kc5 Ka5 53. Kc6 Ka6 54. c4 1-0

[Event "Christmas Classic"]
[Site "Edmonton CAN"]
[Date "2002.12.19"]
[Round "3"]
[White "Gagnon, Josh"]
[Black "Hughey, Micah"]
[Result "0-1"]
[WhiteElo "1702"]
[BlackElo "2015"]
[PlyCount "40"]
[EventDate "2002.12.05"]
[EventType "swiss"]
[EventRounds "3"]
[EventCountry "CAN"]

1. e4 e5 2. Nf3 Nc6 3. Bb5 a6 4. Ba4 Nf6 5. d3 d6 6. c3 g6 7. Bg5 Bg7 8. Qd2
O-O 9. Na3 b5 10. Bb3 Re8 11. h4 Na5 12. Bxf7+ Kxf7 13. c4 c6 14. h5 Be6 15.
hxg6+ hxg6 16. Bxf6 Kxf6 17. cxb5 axb5 18. Ke2 Rh8 19. Rxh8 Qxh8 20. Rc1 Bh6
0-1

[Event "Christmas op"]
[Site "St. John's CAN"]
[Date "2002.12.29"]
[Round "4"]
[White "Watson, Michael"]
[Black "Sadov, Sergey"]
[Result "0-1"]
[WhiteElo "1902"]
[BlackElo "2122"]
[PlyCount "76"]
[EventDate "2002.12.26"]
[EventType "swiss"]
[EventRounds "5"]
[EventCountry "CAN"]
[Source "CFC"]
[SourceDate "2003.06.??"]

1. e4 e5 2. Nf3 Nc6 3. Bb5 a6 4. Bxc6 dxc6 5. O-O Bg4 6. h3 Bxf3 7. Qxf3 Qd7 8.
d3 f6 9. Be3 h5 10. Nd2 g5 11. Qe2 c5 12. Nb3 b6 13. c3 a5 14. a4 Qe6 15. Rfd1
Ne7 16. Nd2 Ng6 17. d4 cxd4 18. cxd4 g4 19. Qb5+ Kf7 20. d5 Qc8 21. Rac1 gxh3
22. Bxb6 Be7 23. d6 Qg4 24. Qb3+ Kg7 25. Qxh3 Bxd6 26. Qxg4 hxg4 27. Bxc7 Nf4
28. Re1 Rac8 29. g3 Nh3+ 30. Kg2 Bxc7 31. Rc6 Bb8 32. Rec1 Rcd8 33. Nb3 Ng5 34.
Nxa5 Rd4 35. Rc8 Rxa4 36. Rxh8 Kxh8 37. Rc8+ Kg7 38. Nc6 Bd6 0-1

[Event "DCC June Active"]
[Site "Toronto CAN"]
[Date "2002.06.01"]
[Round "2"]
[White "Perlas, Erven"]
[Black "Veltmann, Martin"]
[Result "0-1"]
[WhiteElo "2158"]
[BlackElo "2136"]
[PlyCount "92"]
[EventDate "2002.06.01"]
[EventType "swiss (rapid)"]
[EventRounds "6"]
[EventCountry "CAN"]

1. e4 c5 2. Nf3 d6 3. d4 cxd4 4. Nxd4 Nf6 5. Nc3 a6 6. Bg5 e6 7. f4 Be7 8. Qf3
Qc7 9. O-O-O Nbd7 10. g4 b5 11. Bxf6 Nxf6 12. g5 Nd7 13. f5 Bxg5+ 14. Kb1 Ne5
15. Qh5 Qe7 16. fxe6 g6 17. exf7+ Kxf7 18. Qe2 Kg7 19. Nd5 Bg4 20. Nxe7 Bxe2
21. Bxe2 Bxe7 22. Rhf1 Rhf8 23. Ne6+ Kh6 24. Nxf8 Bxf8 25. Rf4 Be7 26. Rdf1 Rc8
27. b3 Rb8 28. h3 a5 29. Rd1 a4 30. Rd5 axb3 31. axb3 b4 32. Rb5 Rc8 33. Rxb4
Rc3 34. Bg4 Kg5 35. Rf1 h5 36. Be6 Nf3 37. Rd1 Re3 38. Rb7 Bf6 39. Bd5 Be5 40.
b4 Nd4 41. b5 Ne2 42. Rd3 Nc3+ 43. Kc1 Re1+ 44. Kd2 Rd1+ 45. Ke3 Rc1 46. Rxc3
Bxc3 {time} 0-1

[Event "DCC June Active"]
[Site "Toronto CAN"]
[Date "2002.06.01"]
[Round "4"]
[White "Picana, Andrew"]
[Black "Veltmann, Martin"]
[Result "1-0"]
[WhiteElo "1992"]
[BlackElo "2136"]
[PlyCount "73"]
[EventDate "2002.06.01"]
[EventType "swiss (rapid)"]
[EventRounds "6"]
[EventCountry "CAN"]

1. e4 c5 2. Nf3 d6 3. d4 cxd4 4. Nxd4 Nf6 5. Nc3 a6 6. Bg5 e6 7. f4 Be7 8. Qf3
Qc7 9. O-O-O Nbd7 10. g4 b5 11. Bxf6 Nxf6 12. Bd3 b4 13. Nce2 Bb7 14. Kb1 O-O-O
15. Ng3 Kb8 16. Rhe1 d5 17. e5 Nd7 18. Nb3 a5 19. Qf1 Rc8 20. Nd4 Qb6 21. Nf3
a4 22. Ne2 b3 23. cxb3 axb3 24. a3 Qa5 25. Ned4 Nc5 26. Qe2 Ka8 27. Qd2 Qb6 28.
Rc1 h5 29. g5 g6 30. Nb5 Ba6 31. Nfd4 Nxd3 32. Qxd3 Bc5 33. a4 Bxb5 34. Nxb5
Rb8 35. Rc3 Rhc8 36. Rec1 d4 37. Nxd4 1-0

[Event "DCC June Active"]
[Site "Toronto CAN"]
[Date "2002.06.01"]
[Round "5"]
[White "Veltmann, Martin"]
[Black "Dutton, Warren"]
[Result "1-0"]
[WhiteElo "2136"]
[BlackElo "2007"]
[PlyCount "93"]
[EventDate "2002.06.01"]
[EventType "swiss (rapid)"]
[EventRounds "6"]
[EventCountry "CAN"]

1. Nf3 Nf6 2. g3 g6 3. Bg2 Bg7 4. O-O O-O 5. d3 d5 6. Nbd2 c5 7. e4 d4 8. a4
Nc6 9. Nc4 Nd7 10. Bg5 h6 11. Bd2 b6 12. Nh4 Rb8 13. f4 Ba6 14. b3 Bxc4 15.
bxc4 a5 16. f5 g5 17. Nf3 e6 18. g4 Nde5 19. h4 Nxg4 20. hxg5 exf5 21. exf5 Re8
22. f6 Bf8 23. Nh4 Nce5 24. Be4 Kh8 25. Bf4 Bd6 26. Qd2 Rg8 27. Nf5 Bf8 28.
Rae1 Rc8 29. Bd5 Bd6 30. Qe2 Rg6 31. Nxd6 Qxd6 32. Bxe5 Nxe5 33. Rf5 Re8 34.
Kf2 Nxd3+ 35. Qxd3 Qh2+ 36. Kf1 Rxe1+ 37. Kxe1 Qg1+ 38. Rf1 Qxg5 39. Kd1 Rxf6
40. Rxf6 Qxf6 41. Qf3 Qxf3+ 42. Bxf3 Kg7 43. Ke2 Kf6 44. Bd5 Kg6 45. Kf3 f5 46.
Kf4 Kf6 47. Bg2 1-0

[Event "DCC June Active"]
[Site "Toronto CAN"]
[Date "2002.06.01"]
[Round "6"]
[White "Miller, Evgeni"]
[Black "Veltmann, Martin"]
[Result "1/2-1/2"]
[WhiteElo "2151"]
[BlackElo "2136"]
[PlyCount "60"]
[EventDate "2002.06.01"]
[EventType "swiss (rapid)"]
[EventRounds "6"]
[EventCountry "CAN"]

1. e4 c5 2. c3 e6 3. d4 d5 4. exd5 exd5 5. Be3 cxd4 6. Qxd4 Nc6 7. Bb5 Nf6 8.
Nf3 Be7 9. Ne5 Bd7 10. Bxc6 bxc6 11. O-O O-O 12. Nd2 h6 13. Nb3 Re8 14. Nxd7
Qxd7 15. Rfe1 Bd6 16. Bf4 Qc7 17. Bxd6 Qxd6 18. Nc5 Re7 19. Nd3 Rae8 20. f3 c5
21. Qf2 Rxe1+ 22. Rxe1 Rxe1+ 23. Nxe1 d4 24. cxd4 cxd4 25. Qd2 Nd7 26. Nd3 f6
27. Qb4 Qd5 28. a3 a5 29. Qe7 Ne5 30. Nf4 Qc6 1/2-1/2

[Event "Dance O Power"]
[Site "Edmonton CAN"]
[Date "2002.11.07"]
[Round "1"]
[White "Hughey, Micah"]
[Black "Beebe, Greg"]
[Result "1/2-1/2"]
[WhiteElo "2015"]
[BlackElo "1711"]
[PlyCount "47"]
[EventDate "2002.11.07"]
[EventType "swiss"]
[EventRounds "4"]
[EventCountry "CAN"]

1. e4 c5 2. Nf3 d6 3. d4 cxd4 4. Qxd4 Nc6 5. Bb5 Bd7 6. Bxc6 Bxc6 7. Nc3 Nf6 8.
Bg5 e6 9. O-O-O Be7 10. Rhe1 Qc7 11. Bxf6 Bxf6 12. Qxd6 Qa5 13. e5 Rd8 14. Qa3
Qxa3 15. Rxd8+ Bxd8 16. bxa3 Bxf3 17. gxf3 Ba5 18. Re3 Bb6 19. Re2 Ke7 20. Ne4
f6 21. f4 Rc8 22. Nd6 Rc3 23. Nxb7 Rxa3 24. Nd6 1/2-1/2

[Event "Dance O Power"]
[Site "Edmonton CAN"]
[Date "2002.11.14"]
[Round "2"]
[White "Gagnon, Josh"]
[Black "Hughey, Micah"]
[Result "0-1"]
[WhiteElo "1722"]
[BlackElo "2015"]
[PlyCount "42"]
[EventDate "2002.11.07"]
[EventType "swiss"]
[EventRounds "4"]
[EventCountry "CAN"]

1. e4 e5 2. Nf3 Nc6 3. Bc4 Bc5 4. O-O d6 5. d3 Na5 6. Bb3 Nf6 7. c3 Nxb3 8.
axb3 O-O 9. Be3 Qe7 10. b4 Bxe3 11. fxe3 d5 12. exd5 Nxd5 13. Qe2 e4 14. dxe4
Qxe4 15. Re1 Re8 16. Kf2 Qg6 17. Qd2 Nf6 18. Qc1 Bd7 19. Na3 Bc6 20. Nc2 Ng4+
21. Ke2 Bb5+ 0-1

[Event "Dance O Power"]
[Site "Edmonton CAN"]
[Date "2002.11.21"]
[Round "3"]
[White "Hughey, Micah"]
[Black "Redelinghuys, Andre"]
[Result "1-0"]
[WhiteElo "2015"]
[BlackElo "1217"]
[PlyCount "69"]
[EventDate "2002.11.07"]
[EventType "swiss"]
[EventRounds "4"]
[EventCountry "CAN"]

1. e4 e5 2. Nf3 Nc6 3. Bc4 Be7 4. d4 Bf6 5. dxe5 Nxe5 6. Nxe5 Bxe5 7. Bxf7+
Kxf7 8. Qd5+ Kf6 9. f4 Kg6 10. Qxe5 Nf6 11. O-O d6 12. Qg5+ Kf7 13. Nc3 h6 14.
Qg3 g6 15. e5 Nh5 16. Qf3 Ng7 17. Qd5+ Be6 18. Qxb7 Nf5 19. Nd5 Bxd5 20. Qxd5+
Kg7 21. b3 Rf8 22. exd6 Qf6 23. Bd2 cxd6 24. Rae1 Rae8 25. Qa5 Qd4+ 26. Kh1 h5
27. Bc3 Qxc3 28. Qxc3+ Kh6 29. Rxe8 Rxe8 30. Re1 Rf8 31. Re6 d5 32. Rf6 Re8 33.
Rxf5 a6 34. Rxh5+ Kxh5 35. Qh3# 1-0

[Event "Dance O Power"]
[Site "Edmonton CAN"]
[Date "2002.11.21"]
[Round "3"]
[White "Stark, Mark"]
[Black "Wihnon, Jason"]
[Result "0-1"]
[WhiteElo "1810"]
[BlackElo "1773"]
[PlyCount "70"]
[EventDate "2002.11.07"]
[EventType "swiss"]
[EventRounds "4"]
[EventCountry "CAN"]

1. e4 c5 2. Nf3 d6 3. d4 cxd4 4. Nxd4 Nf6 5. Nc3 g6 6. Be3 Bg7 7. f3 O-O 8. Qd2
Nc6 9. O-O-O Nxd4 10. Bxd4 Be6 11. Kb1 a6 12. g4 Rc8 13. g5 Nh5 14. Bxg7 Kxg7
15. Nd5 Bxd5 16. exd5 b5 17. Bh3 Rc4 18. Bg4 Qc7 19. b3 Rc5 20. Bxh5 gxh5 21.
Rhe1 Rc8 22. Re2 Qd7 23. Qd4+ Kg8 24. Qe4 a5 25. Rdd2 R5c7 26. f4 a4 27. f5
axb3 28. cxb3 Rc1+ 29. Kb2 Qa7 30. g6 hxg6 31. fxg6 b4 32. gxf7+ Kf8 33. Qxb4
Rb1+ 34. Kxb1 Qg1+ 35. Kb2 Qc1# 0-1

[Event "Dance O Power"]
[Site "Edmonton CAN"]
[Date "2002.11.28"]
[Round "4"]
[White "Gardner, Robert"]
[Black "Dean, Tim"]
[Result "1-0"]
[WhiteElo "2261"]
[BlackElo "1761"]
[PlyCount "87"]
[EventDate "2002.11.07"]
[EventType "swiss"]
[EventRounds "4"]
[EventCountry "CAN"]

1. e4 e5 2. Nf3 Nc6 3. Bb5 a6 4. Ba4 Nf6 5. O-O Be7 6. Qe2 b5 7. Bb3 d6 8. c3
Bg4 9. Rd1 O-O 10. d4 exd4 11. cxd4 Re8 12. Nc3 Bf8 13. h3 Bh5 14. Bg5 Na5 15.
Bc2 h6 16. Bxf6 gxf6 17. Qd3 Bg6 18. Nh4 c5 19. Nxg6 fxg6 20. dxc5 dxc5 21. Qg3
Qe7 22. Nd5 Qg7 23. Nc7 Rac8 24. Nxe8 Rxe8 25. Rd5 Nc6 26. Rad1 Nd4 27. Qd3 a5
28. a3 Qb7 29. b4 axb4 30. axb4 Nxc2 31. Qxc2 cxb4 32. e5 Qf7 33. exf6 Qxf6 34.
Rxb5 Qe6 35. Qd3 Rc8 36. Qd5 Qxd5 37. Rdxd5 Rc1+ 38. Kh2 Kf7 39. g3 Rc3 40. Kg2
Ke6 41. Re5+ Kf6 42. Re3 Rc2 43. Rf3+ Ke7 44. Rb7+ 1-0

[Event "Dance O Power"]
[Site "Edmonton CAN"]
[Date "2002.11.28"]
[Round "4"]
[White "Rekhson, Vladislav"]
[Black "Hughey, Micah"]
[Result "0-1"]
[WhiteElo "1724"]
[BlackElo "2032"]
[PlyCount "118"]
[EventDate "2002.11.07"]
[EventType "swiss"]
[EventRounds "4"]
[EventCountry "CAN"]

1. c4 e6 2. d4 d5 3. Nc3 c5 4. e3 Nf6 5. Nf3 Nc6 6. cxd5 exd5 7. b3 Bg4 8. Be2
cxd4 9. Nxd4 Bb4 10. Bd2 Nxd4 11. exd4 Qe7 12. f3 Bf5 13. Nb5 Rc8 14. Bxb4
Qxb4+ 15. Qd2 Qe7 16. Nc3 O-O 17. O-O Rxc3 18. Qxc3 Qxe2 19. Rfe1 Qd3 20. Qxd3
Bxd3 21. Re7 Ba6 22. Rc1 Re8 23. Rcc7 Rxe7 24. Rxe7 Kf8 25. Rc7 Ne8 26. Rd7 Nf6
27. Rc7 Ke8 28. b4 Nd7 29. Kf2 Kd8 30. Rc3 Nb6 31. Ke3 Nc4+ 32. Kf4 Bb5 33. h4
Kc7 34. g4 Kb6 35. h5 h6 36. g5 hxg5+ 37. Kxg5 Bc6 38. f4 Kb5 39. f5 Nd6 40. f6
Ne4+ 41. Kf5 Bd7+ 42. Kf4 Nxf6 43. h6 gxh6 44. Ke5 Ne4 45. Rc7 Bc6 46. Rxf7
Kxb4 47. Rf3 Nc3 48. Rf2 a5 49. Rh2 a4 50. Rf2 a3 51. Rh2 h5 52. Rf2 h4 53. Rh2
h3 54. Rf2 Bb5 55. Kd6 Bc4 56. Kc7 Bxa2 57. Kxb7 Bb3 58. Rh2 a2 59. Rh1 Nb1 0-1

[Event "Dark Horse Winter active"]
[Site "Sudbury CAN"]
[Date "2002.12.14"]
[Round "2"]
[White "Milinkovic, Mate"]
[Black "Jongsma, Nathan"]
[Result "1-0"]
[WhiteElo "1381"]
[BlackElo "1723"]
[PlyCount "45"]
[EventDate "2002.12.14"]
[EventType "swiss (rapid)"]
[EventRounds "5"]
[EventCountry "CAN"]
[Source "CFC"]
[SourceDate "2003.02.??"]

1. d4 Nf6 2. c4 e6 3. Nf3 b6 4. Nc3 Bb4 5. a3 Bxc3+ 6. bxc3 Ne4 7. Qd3 Bb7 8.
Nd2 Nxd2 9. Bxd2 O-O 10. e4 d6 11. Be2 Nc6 12. d5 Ne5 13. Qg3 h6 14. Bxh6 Qf6
15. Bg5 Nf3+ 16. Bxf3 Qxc3+ 17. Ke2 Qxc4+ 18. Ke1 Qc3+ 19. Ke2 Ba6+ 20. Kd1
Qxa1+ 21. Kd2 Qxh1 22. Bf6 g6 23. Qh4 1-0

[Event "Days of Winter II"]
[Site "Toronto CAN"]
[Date "2002.03.16"]
[Round "4"]
[White "Noritsyn, Nikolay"]
[Black "Henderson, Fred"]
[Result "0-1"]
[WhiteElo "2119"]
[BlackElo "1879"]
[PlyCount "72"]
[EventDate "2002.02.16"]
[EventType "swiss"]
[EventRounds "5"]
[EventCountry "CAN"]

1. e4 c6 2. d4 d5 3. e5 Bf5 4. Ne2 e6 5. Ng3 Bg6 6. h4 h6 7. h5 Bh7 8. Bd3 Bxd3
9. Qxd3 c5 10. c3 Nc6 11. Be3 Qb6 12. b3 cxd4 13. cxd4 Bb4+ 14. Nd2 Nge7 15.
O-O Bxd2 16. Qxd2 Qb4 17. Qd3 Rc8 18. f4 g6 19. Bf2 Kd7 20. a3 Qb6 21. b4 Nf5
22. Nxf5 gxf5 23. Rfb1 Ne7 24. Qd2 Rc4 25. b5 Rhc8 26. a4 Rc2 27. Qd1 R8c4 28.
a5 Qd8 29. a6 b6 30. Qf3 R4c3 31. Qd1 Qg8 32. Ra3 Rxf2 33. Kxf2 Qg3+ 34. Kg1
Qe3+ 35. Kh2 Rxa3 36. Rc1 Rc3 0-1

[Event "Dieppe op"]
[Site "Dieppe CAN"]
[Date "2002.01.04"]
[Round "3"]
[White "Davis, Neil"]
[Black "MacDonald, Jonathan"]
[Result "0-1"]
[WhiteElo "2003"]
[BlackElo "2077"]
[PlyCount "64"]
[EventDate "2002.04.01"]
[EventType "swiss"]
[EventRounds "6"]
[EventCountry "CAN"]
[Source "CFC"]
[SourceDate "2002.06.??"]

1. d4 Nf6 2. c4 c5 3. d5 e6 4. dxe6 fxe6 5. Nc3 Be7 6. e4 Nc6 7. Nf3 O-O 8. Bd3
d5 9. exd5 exd5 10. cxd5 Nd4 11. Bc4 Bd6 12. Nxd4 cxd4 13. Qxd4 Ng4 14. Be3 Bf5
15. h3 Be5 16. Qd2 Nxe3 17. Qxe3 Qh4 18. Be2 Rae8 19. g3 Qb4 20. Qd2 Bxc3 21.
bxc3 Qb5 22. Kf1 Rxe2 23. a4 Qc4 24. Qd4 Re4+ 25. Qxc4 Rxc4 26. Rd1 Rxc3 27. d6
Be4 28. Rh2 Rd3 29. Re1 Bc6 30. Re6 Rd8 31. a5 R3xd6 32. Re7 Bf3 0-1

[Event "Dimanche 2002.09.08"]
[Site "Montreal CAN"]
[Date "2002.09.15"]
[Round "2"]
[White "Charron, Guillaume"]
[Black "Bolduc, Steve"]
[Result "0-1"]
[WhiteElo "1432"]
[BlackElo "2268"]
[PlyCount "58"]
[EventDate "2002.09.08"]
[EventType "swiss"]
[EventRounds "5"]
[EventCountry "CAN"]

1. e4 c5 2. Nc3 Nc6 3. g3 g6 4. Bg2 Bg7 5. d3 Rb8 6. f4 b5 7. Nf3 b4 8. Nd5 e6
9. Ne3 d5 10. O-O Nge7 11. Kh1 Ba6 12. exd5 exd5 13. f5 d4 14. fxg6 hxg6 15.
Nc4 Bxc4 16. dxc4 O-O 17. Bf4 Rb6 18. Qe2 Nf5 19. Rae1 Ra6 20. Ne5 Nxe5 21.
Bxe5 Re6 22. Qg4 Ne3 23. Rxe3 dxe3 24. Bf4 Bxb2 25. Bd5 e2 26. Re1 Rfe8 27. h4
Qf6 28. Bxe6 Qxe6 29. Qg5 Qh3+ 0-1

[Event "Dimanche 2002.09.08"]
[Site "Montreal CAN"]
[Date "2002.09.22"]
[Round "3"]
[White "Gilman, Arkadiy"]
[Black "Bolduc, Steve"]
[Result "0-1"]
[WhiteElo "2211"]
[BlackElo "2268"]
[PlyCount "124"]
[EventDate "2002.09.08"]
[EventType "swiss"]
[EventRounds "5"]
[EventCountry "CAN"]

1. d4 Nf6 2. c4 e6 3. Nc3 d5 4. Bg5 Be7 5. e3 O-O 6. Rc1 h6 7. Bh4 b6 8. Bxf6
Bxf6 9. cxd5 exd5 10. Qf3 c6 11. Nge2 Re8 12. Rd1 Na6 13. Nf4 Nc7 14. Be2 Ne6
15. Nxe6 Bxe6 16. O-O Qd7 17. h3 Bd8 18. Qh5 Bc7 19. Rfe1 Bf5 20. Bg4 Bxg4 21.
hxg4 Re6 22. e4 dxe4 23. Rxe4 Rxe4 24. Nxe4 Re8 25. Nc3 Qxd4 26. g3 Qc4 27. Qf5
Be5 28. Qd7 Re6 29. Qxa7 Bxc3 30. bxc3 b5 31. Rd8+ Kh7 32. Qd4 Re1+ 33. Kh2 Qf1
34. Qd3+ Qxd3 35. Rxd3 Re2 36. Kg2 Rxa2 37. Rd6 Ra6 38. Kf3 g6 39. Ke3 Kg7 40.
f4 Kf8 41. Rd8+ Ke7 42. Rh8 Ra2 43. Rxh6 Rg2 44. Rh3 Kd6 45. g5 Ke6 46. Kd4 Kd6
47. Rh7 c5+ 48. Ke4 Ke6 49. Rh3 Rg1 50. Ke3 Kf5 51. Kf3 Rf1+ 52. Ke2 Rc1 53.
Rh7 Rxc3 54. Rxf7+ Kg4 55. Rf6 Rxg3 56. Rxg6 Kxf4 57. Rb6 b4 58. g6 Ke4 59. Kf2
Rg5 60. Ke2 Kd4 61. Kf3 Kc3 62. Kf4 Rg1 0-1

[Event "Dimanche 2002.09.08"]
[Site "Montreal CAN"]
[Date "2009.09.29"]
[Round "4"]
[White "Bolduc, Steve"]
[Black "Alaoui, Ali"]
[Result "1-0"]
[WhiteElo "2268"]
[BlackElo "1501"]
[PlyCount "53"]
[EventDate "2002.09.08"]
[EventType "swiss"]
[EventRounds "5"]
[EventCountry "CAN"]

1. d4 d5 2. Nf3 Nf6 3. c4 e6 4. Nc3 Be7 5. Bg5 Nbd7 6. e3 O-O 7. cxd5 exd5 8.
Bd3 c6 9. Qc2 Re8 10. O-O Nf8 11. h3 N6d7 12. Bf4 Nf6 13. Ne5 N6d7 14. Nf3 Nf6
15. Rab1 Ng6 16. Bh2 Bd6 17. b4 a6 18. a4 Qc7 19. Bxd6 Qxd6 20. b5 axb5 21.
axb5 Bd7 22. Rfc1 Rec8 23. b6 Be6 24. Na4 Nd7 25. Nc5 Nxc5 26. dxc5 Bd7 27.
cxd6 1-0

[Event "Dimanche 2002.09.08"]
[Site "Montreal CAN"]
[Date "2002.10.06"]
[Round "5"]
[White "Bolduc, Steve"]
[Black "Cousineau, Francois"]
[Result "1-0"]
[WhiteElo "2268"]
[BlackElo "1515"]
[PlyCount "23"]
[EventDate "2002.09.08"]
[EventType "swiss"]
[EventRounds "5"]
[EventCountry "CAN"]

1. Nf3 Nc6 2. d4 d5 3. c4 e6 4. Nc3 Bb4 5. e3 Nf6 6. Bd3 a6 7. O-O dxc4 8. Bxc4
b5 9. Bd3 Bb7 10. e4 Nxd4 11. Nxd4 Qxd4 12. Bxb5+ 1-0